[Event "21. Copenhagen Open  (Politiken Cup)"]
[Site "Copenhagen"]
[Date "1999.07.04"]
[Round "2"]
[White "Hansen, Sune Berg"]
[Black "Lyell, Mark"]
[Result "1-0"]
[WhiteElo "2558"]
[BlackElo "2238"]
[PlyCount "129"]
[EventDate "1999.07.03"]
[EventType "swiss"]
[EventRounds "11"]
[EventCountry "DEN"]
[SourceDate "2004.01.01"]

1. e4 e5 2. Nf3 Nc6 3. Bb5 f5 4. Nc3 Nd4 5. Bc4 Nf6 6. d3 Bb4 7. O-O Nxf3+ 8.
Qxf3 Bxc3 9. bxc3 f4 10. d4 d6 11. dxe5 dxe5 12. Ba3 Bg4 13. Qd3 Qxd3 14. cxd3
Be2 15. Rfe1 f3 16. gxf3 Bxf3 17. Re3 Bh5 18. Rg3 g6 19. Rb1 b6 20. Bb5+ Nd7
21. d4 O-O-O 22. Re3 Rhe8 23. Bc6 g5 24. d5 Rg8 25. c4 Rg7 26. c5 Rf7 27. Bb5
Rf3 28. c6 Nf6 29. Be7 Rd6 30. Rbb3 Rf4 31. Rbc3 Nxe4 32. Ba6+ Kb8 33. Rf3 Nxc3
34. Rxc3 Re4 35. Bxd6 Re1+ 36. Kg2 Bf7 37. Bxc7+ Kxc7 38. d6+ Kxd6 39. c7 Bd5+
40. f3 Be6 41. c8=Q Bxc8 42. Rxc8 e4 43. fxe4 Rxe4 44. Bb5 Rb4 45. Bd3 Ra4 46.
Rc2 h6 47. Kf3 Rh4 48. Kg3 Rd4 49. Bg6 b5 50. Be8 b4 51. Rc6+ Ke7 52. Bg6 a5
53. Ra6 Rd5 54. Be4 Rb5 55. Bc2 h5 56. Bd1 g4 57. Bb3 Re5 58. Kh4 Rf5 59. Re6+
Kd7 60. Rh6 Rf2 61. Kg3 Rf3+ 62. Kg2 Rh3 63. Ra6 Rd3 64. Rxa5 Rd2+ 65. Kg1 1-0

[Event "21. Copenhagen Open  (Politiken Cup)"]
[Site "Copenhagen"]
[Date "1999.07.04"]
[Round "2"]
[White "Hau, Helge"]
[Black "Kokholm, Daniel"]
[Result "0-1"]
[WhiteElo "1492"]
[BlackElo "1892"]
[PlyCount "98"]
[EventDate "1999.07.03"]
[EventType "swiss"]
[EventRounds "11"]
[EventCountry "DEN"]
[SourceDate "2004.01.01"]

1. b3 Nf6 2. Bb2 e6 3. e3 d5 4. c4 c5 5. Nf3 Nbd7 6. g3 Bd6 7. Bg2 b6 8. O-O
Bb7 9. Re1 Qc7 10. d3 O-O 11. Nbd2 Rad8 12. Rc1 Rfe8 13. a3 Qb8 14. cxd5 exd5
15. Rc2 b5 16. Qc1 Ng4 17. Nf1 f6 18. Bh3 Nge5 19. Nxe5 Nxe5 20. Bxe5 fxe5 21.
e4 d4 22. Nd2 Bc8 23. Bg2 Be6 24. Qb2 a5 25. Rb1 Rc8 26. Nf3 h6 27. Nh4 Kh7 28.
Nf5 Bf8 29. h3 g6 30. Nh4 Bd6 31. Nf3 Rf8 32. Nh2 Qa7 33. g4 Qf7 34. f3 Be7 35.
Re2 Bg5 36. Nf1 Rb8 37. Kh1 Rfc8 38. Nd2 Bf4 39. Nf1 Qa7 40. Rc2 Qe7 41. Nd2
Rc7 42. Nf1 Qh4 43. Kg1 Rbc8 44. Kh1 h5 45. Nh2 Rf8 46. Rf1 Qg3 47. Kg1 Qxh2+
48. Kf2 Bg3+ 49. Ke2 Qxg2+ 0-1

[Event "21. Copenhagen Open  (Politiken Cup)"]
[Site "Copenhagen"]
[Date "1999.07.04"]
[Round "2"]
[White "Hoff, Terje"]
[Black "Olsen, Peter Erik"]
[Result "0-1"]
[WhiteElo "2040"]
[BlackElo "2248"]
[PlyCount "52"]
[EventDate "1999.07.03"]
[EventType "swiss"]
[EventRounds "11"]
[EventCountry "DEN"]
[SourceDate "2004.01.01"]

1. d4 Nf6 2. c4 c5 3. d5 b5 4. cxb5 a6 5. Nc3 axb5 6. e4 b4 7. Nb5 d6 8. Bf4 g5
9. Bxg5 Nxe4 10. Bf4 Bg7 11. Qe2 Nf6 12. Nxd6+ Kf8 13. Nxc8 Qxc8 14. Qf3 Qf5
15. d6 Qe4+ 16. Qxe4 Nxe4 17. dxe7+ Kxe7 18. Bc1 Nc6 19. Bd3 Nd6 20. Be2 Nd4
21. Bd1 Rhe8 22. Ne2 Kf8 23. Kf1 Nc4 24. Nf4 b3 25. Nh5 Nc2 26. Bxc2 Rxa2 0-1

[Event "21. Copenhagen Open  (Politiken Cup)"]
[Site "Copenhagen"]
[Date "1999.07.04"]
[Round "2"]
[White "Hvenekilde, Jorgen"]
[Black "Baburin, Alexander"]
[Result "1/2-1/2"]
[WhiteElo "2239"]
[BlackElo "2593"]
[PlyCount "85"]
[EventDate "1999.07.03"]
[EventType "swiss"]
[EventRounds "11"]
[EventCountry "DEN"]
[SourceDate "2004.01.01"]

1. d4 d5 2. Nf3 Nf6 3. Bf4 c5 4. e3 Qb6 5. Qc1 Nc6 6. c3 Bf5 7. Be2 e6 8. O-O
h6 9. h3 Be7 10. Nbd2 O-O 11. Rd1 Rac8 12. Nf1 Rfd8 13. Bd3 Ne4 14. Qb1 Na5 15.
N1d2 Nxd2 16. Rxd2 Bxd3 17. Rxd3 Nc4 18. b3 Nd6 19. Bxd6 Bxd6 20. Qc2 Qa6 21.
Re1 cxd4 22. exd4 b5 23. Ne5 Bxe5 24. Rxe5 b4 25. Ree3 Rc6 26. Rg3 bxc3 27.
Rxc3 Rdc8 28. a4 Qb6 29. Qc1 Kh7 30. Rgf3 Kg8 31. Rg3 g5 32. h4 Rxc3 33. Rxc3
Rxc3 34. Qxc3 a5 35. hxg5 hxg5 36. Kf1 Qa6+ 37. Ke1 Kg7 38. f3 Qb6 39. Ke2 Kf6
40. Qe3 Qb4 41. f4 gxf4 42. Qxf4+ Ke7 43. Qc7+ 1/2-1/2

[Event "21. Copenhagen Open  (Politiken Cup)"]
[Site "Copenhagen"]
[Date "1999.07.04"]
[Round "2"]
[White "Jacobsen, Jesper Howalt"]
[Black "Rasmussen, Henning"]
[Result "0-1"]
[WhiteElo "1180"]
[BlackElo "1802"]
[PlyCount "110"]
[EventDate "1999.07.03"]
[EventType "swiss"]
[EventRounds "11"]
[EventCountry "DEN"]
[SourceDate "2004.01.01"]

1. d4 Nf6 2. Nf3 g6 3. Bf4 Bg7 4. h3 d6 5. e3 O-O 6. Be2 c5 7. O-O cxd4 8. exd4
Qb6 9. Bc1 Bf5 10. Bd3 Bxd3 11. Qxd3 Nc6 12. c3 e5 13. dxe5 dxe5 14. Qe3 Qc7
15. Re1 Rad8 16. Nbd2 Nd5 17. Qe2 Nf4 18. Qc4 a6 19. b4 b5 20. Qb3 Rd3 21. Ne4
Nxh3+ 22. Kh2 Nf4 23. Nc5 Nd4 24. Nxd4 exd4 25. g3 Rxc3 26. Bxf4 Qc6 27. Qd1 a5
28. a3 a4 29. Bd2 Rf3 30. Kg2 Rxa3+ 31. f3 Rxa1 32. Qxa1 d3 33. Qa3 Qd5 34. Re3
Qd4 35. Rxd3 Qb2 36. Qxb2 Bxb2 37. Bc3 Bxc3 38. Rxc3 Rd8 39. Rd3 Ra8 40. Ra3 h5
41. f4 Rd8 42. Rd3 Rxd3 43. Nxd3 f6 44. Kf3 a3 45. Nc1 Kf7 46. Ke4 Ke6 47. Kd4
Kd6 48. Nb3 a2 49. Ke4 g5 50. fxg5 fxg5 51. Kf5 h4 52. gxh4 gxh4 53. Kg4 Kd5
54. Kxh4 Kc4 55. Na1 Kc3 0-1

[Event "21. Copenhagen Open  (Politiken Cup)"]
[Site "Copenhagen"]
[Date "1999.07.04"]
[Round "2"]
[White "Jensen, Kasper Smith"]
[Black "Maechel, Michael"]
[Result "1-0"]
[WhiteElo "1944"]
[BlackElo "1611"]
[PlyCount "79"]
[EventDate "1999.07.03"]
[EventType "swiss"]
[EventRounds "11"]
[EventCountry "DEN"]
[SourceDate "2004.01.01"]

1. e4 Nf6 2. Nc3 e5 3. Bc4 Nc6 4. Nge2 d6 5. d4 exd4 6. Nxd4 Nxd4 7. Qxd4 Be7
8. Bf4 O-O 9. O-O-O a6 10. f3 Rb8 11. Rhe1 c5 12. Qxc5 dxc5 13. Rxd8 Rxd8 14.
Bxb8 Be6 15. Bxe6 Rxb8 16. Bh3 b5 17. e5 Nh5 18. g3 Rd8 19. Bg4 Bg5+ 20. Kb1 g6
21. Bxh5 gxh5 22. Ne4 Be7 23. Kc1 Kg7 24. Rd1 Rxd1+ 25. Kxd1 Kg6 26. f4 Kf5 27.
Nf2 h4 28. Ke2 hxg3 29. hxg3 c4 30. Kf3 h5 31. Nd1 f6 32. Nc3 Kg6 33. Nd5 Bd8
34. Nxf6 Bxf6 35. exf6 Kxf6 36. Ke4 Ke6 37. f5+ Kf6 38. Kf4 a5 39. a3 b4 40. a4
1-0

[Event "21. Copenhagen Open  (Politiken Cup)"]
[Site "Copenhagen"]
[Date "1999.07.04"]
[Round "2"]
[White "Jensen, Torben W"]
[Black "Hogh, Sidsel T"]
[Result "1-0"]
[WhiteElo "1740"]
[BlackElo "1150"]
[PlyCount "69"]
[EventDate "1999.07.03"]
[EventType "swiss"]
[EventRounds "11"]
[EventCountry "DEN"]
[SourceDate "2004.01.01"]

1. e4 d5 2. exd5 Qxd5 3. Nc3 Qa5 4. d4 Nf6 5. Bc4 c6 6. Nge2 Bf5 7. O-O e6 8.
Bf4 Nbd7 9. Ng3 Bg6 10. Re1 Bb4 11. Bd2 O-O 12. a3 Bxc3 13. Bxc3 Qc7 14. Bd3
Bxd3 15. Qxd3 Nd5 16. Bd2 N7f6 17. Ne4 Rad8 18. Bg5 Qe7 19. c4 Nb6 20. Nxf6+
gxf6 21. Bh4 Kh8 22. Re5 Rg8 23. Rh5 Rg7 24. Re1 Rdg8 25. g3 Nd7 26. Qb3 Nb6
27. a4 Nc8 28. d5 cxd5 29. cxd5 Re8 30. dxe6 fxe6 31. Rhe5 Qf7 32. Rxe6 Rxe6
33. Qxe6 Qxe6 34. Rxe6 f5 35. Bf6 1-0

[Event "21. Copenhagen Open  (Politiken Cup)"]
[Site "Copenhagen"]
[Date "1999.07.04"]
[Round "2"]
[White "Johansen, Terje"]
[Black "Barkhagen, Jonas"]
[Result "0-1"]
[WhiteElo "2231"]
[BlackElo "2442"]
[PlyCount "93"]
[EventDate "1999.07.03"]
[EventType "swiss"]
[EventRounds "11"]
[EventCountry "DEN"]
[SourceDate "2004.01.01"]

1. d4 d5 2. c4 c6 3. Nc3 Nf6 4. Nf3 dxc4 5. a4 Bg4 6. Ne5 Bh5 7. f3 Nfd7 8.
Nxc4 e5 9. Nxe5 Nxe5 10. dxe5 Nd7 11. f4 Qa5 12. g3 Bb4 13. Bh3 Nc5 14. O-O f6
15. exf6 gxf6 16. Qd4 O-O 17. Ne4 Kg7 18. Nxf6 Rxf6 19. f5 Raf8 20. Bg5 h6 21.
Bxf6+ Rxf6 22. Rf4 Nb3 23. Qxb4 Qxb4 24. Rxb4 Nxa1 25. e4 Nc2 26. Rxb7+ Rf7 27.
Rb3 Re7 28. Bg2 Kf6 29. h3 Nd4 30. Rb8 Bf3 31. Bxf3 Nxf3+ 32. Kf2 Ng5 33. Rc8
Nxe4+ 34. Kg2 Kxf5 35. Rxc6 Re6 36. Rc7 Rb6 37. g4+ Kf4 38. Rf7+ Ke3 39. Rf3+
Kd4 40. b3 a5 41. h4 Rc6 42. g5 hxg5 43. hxg5 Rc5 44. g6 Rg5+ 45. Kf1 Rxg6 46.
Rf5 Ng3+ 47. Kf2 0-1

[Event "21. Copenhagen Open  (Politiken Cup)"]
[Site "Copenhagen"]
[Date "1999.07.04"]
[Round "2"]
[White "Jonkman, Harmen"]
[Black "Helin, Mikael"]
[Result "1-0"]
[WhiteElo "2421"]
[BlackElo "2200"]
[PlyCount "82"]
[EventDate "1999.07.03"]
[EventType "swiss"]
[EventRounds "11"]
[EventCountry "DEN"]
[SourceDate "2004.01.01"]

1. e4 c5 2. c3 d5 3. exd5 a6 4. d4 cxd4 5. cxd4 Nf6 6. Nc3 Qa5 7. Qb3 Nbd7 8.
Nge2 b5 9. Nf4 Bb7 10. Bd2 Qb6 11. a4 b4 12. a5 Qxd4 13. Be3 Nc5 14. Qa2 Qe5
15. Na4 Nfd7 16. Nxc5 Nxc5 17. Be2 Nd7 18. Bf3 Qd6 19. Qa4 g6 20. Nd3 Bg7 21.
Bc5 Qf6 22. O-O Rd8 23. Rfe1 O-O 24. Bxe7 Qd4 25. Rad1 Rfe8 26. Bxd8 Rxd8 27.
Qxb4 Qxb4 28. Nxb4 Ne5 29. Nc6 Nxf3+ 30. gxf3 Rd6 31. Re8+ Bf8 32. Rd8 Rf6 33.
Rb8 Kg7 34. Rxb7 Bc5 35. Ne5 Bd6 36. Nc4 Bc5 37. Rd3 h5 38. d6 Rf4 39. b3 h4
40. d7 Be7 41. d8=Q Bxd8 1-0

[Event "21. Copenhagen Open  (Politiken Cup)"]
[Site "Copenhagen"]
[Date "1999.07.04"]
[Round "2"]
[White "Jorgensen, Carina Eilegaard"]
[Black "Nielsen, Frode Benedikt"]
[Result "1-0"]
[WhiteElo "1574"]
[BlackElo "1949"]
[PlyCount "85"]
[EventDate "1999.07.03"]
[EventType "swiss"]
[EventRounds "11"]
[EventCountry "DEN"]
[SourceDate "2004.01.01"]

1. e4 e5 2. Nf3 Nf6 3. d3 Nc6 4. Nc3 d5 5. exd5 Nxd5 6. g3 Nxc3 7. bxc3 Bd6 8.
Bg2 O-O 9. O-O a5 10. Re1 a4 11. a3 Ra5 12. c4 f6 13. Bb2 b5 14. Bc3 b4 15.
axb4 Nxb4 16. c5 Bxc5 17. Qd2 Qd6 18. Reb1 Nxc2 19. Qxc2 Ra7 20. Rxa4 Rxa4 21.
Qxa4 Qxd3 22. Qb3+ Kh8 23. Rd1 Qe2 24. Rd2 Bxf2+ 25. Kh1 Qe3 26. Qc2 Be1 27.
Rd3 Qc5 28. Nxe1 Bf5 29. Qd2 Bxd3 30. Bb4 Qc4 31. Bxf8 Be4 32. h3 Bxg2+ 33.
Nxg2 Qb5 34. Qd8 h5 35. Qxc7 Qb1+ 36. Kh2 Qg6 37. Nh4 Qh6 38. Qd7 Kg8 39. Nf5
Qh7 40. Qxg7+ Qxg7 41. Bxg7 Kf7 42. Bh8 Ke6 43. Ng7+ 1-0

[Event "21. Copenhagen Open  (Politiken Cup)"]
[Site "Copenhagen"]
[Date "1999.07.04"]
[Round "2"]
[White "Jorgensen, Michael"]
[Black "Dongart, Dennis"]
[Result "1-0"]
[WhiteElo "2274"]
[BlackElo "2095"]
[PlyCount "67"]
[EventDate "1999.07.03"]
[EventType "swiss"]
[EventRounds "11"]
[EventCountry "DEN"]
[SourceDate "2004.01.01"]

1. d4 Nf6 2. c4 g6 3. Nc3 d5 4. Nf3 Bg7 5. Qb3 dxc4 6. Qxc4 O-O 7. e4 Bg4 8.
Be3 Nfd7 9. Qb3 Bxf3 10. gxf3 Nc6 11. O-O-O Na5 12. Qa3 b6 13. h4 c5 14. dxc5
Qc8 15. Kb1 Ne5 16. Nd5 Qb7 17. cxb6 Nec4 18. Bxc4 Nxc4 19. Qxe7 Qa6 20. Bd4
axb6 21. a3 Qb5 22. Qb4 Qxb4 23. Nxb4 f5 24. h5 b5 25. hxg6 hxg6 26. Bxg7 Kxg7
27. Rd7+ Kf6 28. exf5 gxf5 29. f4 Ke6 30. Rhh7 Rae8 31. Nc6 Nd6 32. Nd4+ Kd5
33. Nxb5 Rf6 34. Nc7+ 1-0

[Event "21. Copenhagen Open  (Politiken Cup)"]
[Site "Copenhagen"]
[Date "1999.07.04"]
[Round "2"]
[White "Jorgensen, Morten"]
[Black "Poulsen, Martin"]
[Result "0-1"]
[WhiteElo "1151"]
[BlackElo "1775"]
[PlyCount "68"]
[EventDate "1999.07.03"]
[EventType "swiss"]
[EventRounds "11"]
[EventCountry "DEN"]
[SourceDate "2004.01.01"]

1. e4 c5 2. Nf3 d6 3. d4 cxd4 4. Qxd4 Nc6 5. Bb5 Bd7 6. Qd3 g6 7. O-O Bg7 8. c3
Nf6 9. Re1 O-O 10. Nbd2 Ng4 11. Qc2 Qb6 12. Bxc6 Qxf2+ 13. Kh1 Bxc6 14. Qd3 Qb6
15. Qe2 Nf2+ 16. Kg1 Nd3+ 17. Kh1 Nxe1 18. Qxe1 Bb5 19. c4 Ba6 20. Rb1 Rac8 21.
b3 Qa5 22. Bb2 Qxa2 23. Bxg7 Kxg7 24. Ra1 Qc2 25. Rc1 Qd3 26. h4 b5 27. h5 bxc4
28. Qh4 c3 29. Qxe7 cxd2 30. h6+ Kxh6 31. Qh4+ Kg7 32. Rxc8 d1=Q+ 33. Kh2 Rxc8
34. Qe7 Q3xf3 0-1

[Event "21. Copenhagen Open  (Politiken Cup)"]
[Site "Copenhagen"]
[Date "1999.07.04"]
[Round "2"]
[White "Haagen Larsen, Hans"]
[Black "Karlsen, Arne"]
[Result "1-0"]
[WhiteElo "1612"]
[BlackElo "2022"]
[PlyCount "115"]
[EventDate "1999.07.03"]
[EventType "swiss"]
[EventRounds "11"]
[EventCountry "DEN"]
[SourceDate "2004.01.01"]

1. e4 e5 2. Bc4 Nf6 3. d3 Bc5 4. Nf3 d6 5. O-O Bg4 6. Bg5 h6 7. Bh4 Nc6 8. c3
g5 9. Bg3 Qd7 10. b4 Bb6 11. Nbd2 h5 12. h3 h4 13. Bh2 Bh5 14. Qb3 g4 15. Nxh4
gxh3 16. g3 O-O-O 17. a4 Ng4 18. a5 Bxf2+ 19. Rxf2 Nxf2 20. Kxf2 Qg4 21. Ndf3
Rh6 22. b5 Ne7 23. b6 cxb6 24. axb6 a6 25. Rf1 Rf6 26. Ke3 d5 27. Bxd5 Nxd5+
28. exd5 Kb8 29. Qc4 Qxc4 30. dxc4 Rxb6 31. Nxe5 Re8 32. Kd4 Rb2 33. Nef3 Kc8
34. Rg1 Bg4 35. Rf1 f5 36. Kd3 Rbe2 37. Bg1 Kd7 38. Rf2 R8e3+ 39. Kd4 Re4+ 40.
Kd3 R4e3+ 41. Kd4 Bxf3 42. Nxf3 Re4+ 43. Kd3 R2e3+ 44. Kd2 Re8 45. Bh2 R3e4 46.
Nd4 Re1 47. Nxf5 Ra1 48. Ne3 Ra2+ 49. Nc2 Kd6 50. g4+ Kc5 51. Kd3 a5 52. Bg1
Kd6 53. Rf6+ Kd7 54. Rf7+ Kc8 55. d6 Rg8 56. d7+ Kc7 57. Bh2+ Kd8 58. Be5 1-0

[Event "21. Copenhagen Open  (Politiken Cup)"]
[Site "Copenhagen"]
[Date "1999.07.04"]
[Round "2"]
[White "Larsen, Karsten"]
[Black "Jensen, Henrik W"]
[Result "1-0"]
[WhiteElo "2281"]
[BlackElo "2098"]
[PlyCount "41"]
[EventDate "1999.07.03"]
[EventType "swiss"]
[EventRounds "11"]
[EventCountry "DEN"]
[SourceDate "2004.01.01"]

1. Nf3 Nf6 2. g3 d5 3. Bg2 Nbd7 4. O-O e5 5. d3 Be7 6. Nbd2 O-O 7. e4 dxe4 8.
dxe4 Re8 9. b3 Nc5 10. Bb2 Ncxe4 11. Nxe4 Nxe4 12. Nxe5 Nd6 13. Qh5 Be6 14.
Rfe1 Qc8 15. Rad1 a5 16. c4 c6 17. h3 Nf5 18. Be4 g6 19. Qf3 a4 20. Ng4 axb3
21. Qc3 1-0

[Event "21. Copenhagen Open  (Politiken Cup)"]
[Site "Copenhagen"]
[Date "1999.07.04"]
[Round "2"]
[White "Larsen, Peter"]
[Black "Bekker Jensen, Anne"]
[Result "1-0"]
[WhiteElo "2259"]
[BlackElo "2074"]
[PlyCount "49"]
[EventDate "1999.07.03"]
[EventType "swiss"]
[EventRounds "11"]
[EventCountry "DEN"]
[SourceDate "2004.01.01"]

1. d4 g6 2. c4 Nf6 3. Nc3 Bg7 4. e4 d6 5. f4 O-O 6. Nf3 Na6 7. e5 dxe5 8. fxe5
Nd7 9. Bf4 c6 10. Bd3 Qc7 11. Qd2 Qa5 12. O-O Re8 13. Bh6 Nc7 14. Qf4 Ne6 15.
Qh4 Qb6 16. Rf2 Nxd4 17. Nxd4 Nxe5 18. Bxg7 Nxd3 19. Rxf7 Be6 20. Na4 Qb4 21.
Nxe6 Kxf7 22. Bc3 Kxe6 23. Qh3+ Kf7 24. Rf1+ Kg8 25. Qe6# 1-0

[Event "21. Copenhagen Open  (Politiken Cup)"]
[Site "Copenhagen"]
[Date "1999.07.04"]
[Round "2"]
[White "Larsen, Vagn"]
[Black "Petersen, Steffen"]
[Result "0-1"]
[WhiteElo "1465"]
[BlackElo "1875"]
[PlyCount "78"]
[EventDate "1999.07.03"]
[EventType "swiss"]
[EventRounds "11"]
[EventCountry "DEN"]
[SourceDate "2004.01.01"]

1. e4 e5 2. Nf3 Nc6 3. Bb5 a6 4. Ba4 Nf6 5. d3 b5 6. Bb3 Be7 7. O-O O-O 8. c3
d6 9. Be3 Bg4 10. Nbd2 d5 11. exd5 Nxd5 12. Qe2 Kh8 13. h3 Bh5 14. Ne4 f5 15.
Nc5 Rf6 16. Nb7 Qd7 17. Nc5 Bxc5 18. Bxc5 Nf4 19. Qe3 Qxd3 20. Rad1 Qxe3 21.
fxe3 Ng6 22. Rd7 Bxf3 23. Rxf3 Rc8 24. Bc2 e4 25. Rf2 Nce5 26. Bd4 Nxd7 27.
Bxf6 Nxf6 28. Rxf5 Rd8 29. Rf2 c5 30. g4 Nh4 31. Kh2 Rd2 32. Kg3 Rxf2 33. Kxf2
g5 34. b3 Kg7 35. a4 Kf7 36. Ke1 Ke6 37. Kd2 Kd5 38. b4 c4 39. a5 Nf3+ 0-1

[Event "21. Copenhagen Open  (Politiken Cup)"]
[Site "Copenhagen"]
[Date "1999.07.04"]
[Round "2"]
[White "Lyrberg, Patrik"]
[Black "Carlsson, Pontus"]
[Result "1/2-1/2"]
[WhiteElo "2395"]
[BlackElo "2186"]
[PlyCount "65"]
[EventDate "1999.07.03"]
[EventType "swiss"]
[EventRounds "11"]
[EventCountry "DEN"]
[SourceDate "2004.01.01"]

1. e4 c5 2. d3 Nc6 3. g3 g6 4. Bg2 Bg7 5. f4 e6 6. Nf3 d6 7. O-O Nge7 8. c3 O-O
9. Be3 b6 10. Na3 Ba6 11. Qd2 Qd7 12. Rac1 f5 13. Rfe1 Rad8 14. b4 Bb7 15. Bf2
h6 16. Nh4 Kh7 17. d4 cxb4 18. cxb4 fxe4 19. Bxe4 Nf5 20. Nf3 d5 21. Bb1 Nd6
22. Qb2 Ne4 23. Nb5 g5 24. Nc3 gxf4 25. Nxe4 dxe4 26. Bxe4+ Kg8 27. Qb3 fxg3
28. hxg3 Nxd4 29. Bxd4 Bxd4+ 30. Kg2 Bg7 31. Rcd1 Bd5 32. Bxd5 exd5 33. Ne5
1/2-1/2

[Event "21. Copenhagen Open  (Politiken Cup)"]
[Site "Copenhagen"]
[Date "1999.07.04"]
[Round "2"]
[White "Maarup, Michael"]
[Black "Hoi, Carsten"]
[Result "0-1"]
[WhiteElo "2184"]
[BlackElo "2394"]
[PlyCount "72"]
[EventDate "1999.07.03"]
[EventType "swiss"]
[EventRounds "11"]
[EventCountry "DEN"]
[SourceDate "2004.01.01"]

1. d4 g6 2. c4 Bg7 3. e4 d6 4. Nc3 Nc6 5. Be3 e5 6. dxe5 Nxe5 7. Be2 Ne7 8. Nf3
O-O 9. c5 Be6 10. cxd6 cxd6 11. O-O Nxf3+ 12. Bxf3 Nc6 13. Bg4 Re8 14. Be2 Qa5
15. Qxd6 Rad8 16. Qc5 Qxc5 17. Bxc5 Rd2 18. Bb5 Rxb2 19. Bxc6 bxc6 20. Rac1 a5
21. a3 Bb3 22. Nd1 Ra2 23. f3 Rd8 24. Nc3 Rb2 25. Nd1 Rbd2 26. Ne3 a4 27. Nc4
Ra2 28. Rf2 Bxc4 29. Rxc4 Rd1+ 30. Rf1 Rdd2 31. Rb1 Rxg2+ 32. Kf1 Be5 33. Bg1
Rgd2 34. Rxa4 Rd3 35. f4 Rf3+ 36. Ke1 Bc3+ 0-1

[Event "21. Copenhagen Open  (Politiken Cup)"]
[Site "Copenhagen"]
[Date "1999.07.04"]
[Round "2"]
[White "Mah, Karl"]
[Black "Palo, Davor"]
[Result "1/2-1/2"]
[WhiteElo "2316"]
[BlackElo "2141"]
[PlyCount "174"]
[EventDate "1999.07.03"]
[EventType "swiss"]
[EventRounds "11"]
[EventCountry "DEN"]
[SourceDate "2004.01.01"]

1. d4 Nf6 2. c4 e6 3. Nf3 b6 4. e3 Bb7 5. Bd3 Bb4+ 6. Nbd2 O-O 7. O-O d5 8. a3
Be7 9. cxd5 exd5 10. b4 Nbd7 11. Qb3 Bd6 12. Bb2 Qe7 13. Rfc1 a6 14. Nf1 Rfe8
15. Ne1 c6 16. Bc2 Nf8 17. Nd3 Ng6 18. f4 a5 19. bxa5 Rxa5 20. Ne5 Rb5 21. Qc3
Rc8 22. a4 Ra5 23. Bf5 Rc7 24. Qb3 b5 25. Nd3 Nh4 26. Bh3 b4 27. Nc5 Bxc5 28.
dxc5 Rxc5 29. Be5 Rxc1 30. Rxc1 Ne8 31. Bxc7 Nxc7 32. Qc2 Na6 33. Qd3 Nc5 34.
Qc2 Na6 35. Qd3 Nc5 36. Qc2 Na6 37. Qd2 c5 38. Ng3 c4 39. e4 c3 40. Qd1 dxe4
41. Qb3 Qc5+ 42. Kh1 Bd5 43. Qc2 Qc6 44. Bf5 Nc5 45. Rb1 Nd3 46. Ne2 Nxf5 47.
Qxc3 Qxc3 48. Nxc3 Bc6 49. Na2 e3 50. Nxb4 Nf2+ 51. Kg1 Bxa4 52. Nd5 h6 53.
Nxe3 Nh3+ 54. gxh3 Nxe3 55. Kf2 Nf5 56. Rb7 Bc6 57. Rc7 Bd5 58. Rc5 Be6 59. Kf3
Kh7 60. Ke4 Ne7 61. Rc3 f6 62. Rc7 Bf5+ 63. Kf3 Ng6 64. Kg3 Nf8 65. Rc5 Kg6 66.
h4 h5 67. Kf3 Ne6 68. Rd5 Bc2 69. Ke3 Bf5 70. Ra5 Nf8 71. Ra8 Nd7 72. Ra5 Bg4
73. Ke4 Kf7 74. Kd5 Ke7 75. Ra7 Bf3+ 76. Kd4 g6 77. Ra6 Nb8 78. Ra3 Bg4 79. Kd5
Be6+ 80. Kc5 Nd7+ 81. Kd4 Nb6 82. Kc5 Nd5 83. Ra7+ Kf8 84. Kd6 Nxf4 85. Ra4 g5
86. hxg5 fxg5 87. h4 Bg4 1/2-1/2

[Event "21. Copenhagen Open  (Politiken Cup)"]
[Site "Copenhagen"]
[Date "1999.07.04"]
[Round "2"]
[White "Mathiesen, Erik"]
[Black "Nielsen, Michael Backmann"]
[Result "0-1"]
[WhiteElo "1891"]
[BlackElo "1514"]
[PlyCount "80"]
[EventDate "1999.07.03"]
[EventType "swiss"]
[EventRounds "11"]
[EventCountry "DEN"]
[SourceDate "2004.01.01"]

1. d4 d5 2. Nf3 Nf6 3. Bf4 Bf5 4. e3 e6 5. Nbd2 Bd6 6. Bg3 O-O 7. Be2 h6 8. Ne5
Nbd7 9. f4 c5 10. O-O Qb6 11. Nb3 Bxe5 12. fxe5 Ne4 13. Qc1 Nxg3 14. hxg3 Rac8
15. c3 cxd4 16. exd4 Nxe5 17. Qe3 Nc4 18. Qc1 a5 19. Bxc4 Rxc4 20. Nc5 Rc8 21.
g4 Bg6 22. Qd2 a4 23. Rac1 Qb5 24. b3 axb3 25. axb3 R4xc5 26. dxc5 Rxc5 27. Qd4
Rc8 28. b4 Rc4 29. Qd1 Qc6 30. Qf3 Qc7 31. g5 hxg5 32. Qe3 Rh4 33. Qxg5 Qh2+
34. Kf2 Bd3 35. Rfe1 f6 36. Qe3 Rf4+ 37. Qf3 Rxf3+ 38. Kxf3 Be4+ 39. Rxe4 dxe4+
40. Kxe4 Qxg2+ 0-1

[Event "21. Copenhagen Open  (Politiken Cup)"]
[Site "Copenhagen"]
[Date "1999.07.04"]
[Round "2"]
[White "McShane, Rod"]
[Black "Hansen, Morten Lyck"]
[Result "0-1"]
[WhiteElo "1352"]
[BlackElo "1847"]
[PlyCount "86"]
[EventDate "1999.07.03"]
[EventType "swiss"]
[EventRounds "11"]
[EventCountry "DEN"]
[SourceDate "2004.01.01"]

1. e4 c5 2. Nf3 d6 3. d4 cxd4 4. Nxd4 Nf6 5. Nc3 a6 6. Be3 e6 7. f3 Be7 8. Qd2
b5 9. Be2 O-O 10. O-O Bb7 11. Nd1 Nc6 12. Nf2 Nxd4 13. Bxd4 Qc7 14. Rac1 e5 15.
Be3 d5 16. exd5 Bxd5 17. b3 b4 18. c4 bxc3 19. Rxc3 Qb7 20. Nd3 Rfd8 21. Nc5
Bxc5 22. Rxc5 e4 23. Rd1 Qe7 24. f4 Be6 25. Qa5 Rxd1+ 26. Bxd1 Qd6 27. Be2 Bg4
28. Bxg4 Nxg4 29. Rd5 Qb8 30. Ba7 Qe8 31. h3 Nf6 32. Re5 Qd7 33. Bc5 Qd1+ 34.
Kh2 Qc1 35. Kg3 h5 36. Rf5 e3 37. Bb4 e2 38. Re5 h4+ 39. Kf2 Qf1+ 40. Ke3 Qxg2
41. Rg5 Re8+ 42. Kd4 Qe4+ 43. Kc5 Rc8+ 0-1

[Event "21. Copenhagen Open  (Politiken Cup)"]
[Site "Copenhagen"]
[Date "1999.07.04"]
[Round "2"]
[White "Mortensen, Erling"]
[Black "Johansson, Thomas"]
[Result "1-0"]
[WhiteElo "2445"]
[BlackElo "2218"]
[PlyCount "47"]
[EventDate "1999.07.03"]
[EventType "swiss"]
[EventRounds "11"]
[EventCountry "DEN"]
[SourceDate "2004.01.01"]

1. e4 Nf6 2. e5 Nd5 3. d4 d6 4. Nf3 dxe5 5. Nxe5 Nd7 6. Nf3 e6 7. c4 N5f6 8.
Nc3 Bb4 9. a3 Bxc3+ 10. bxc3 b6 11. Bd3 Bb7 12. Qe2 O-O 13. O-O Re8 14. Bg5 h6
15. Bh4 c5 16. Ne5 Qc7 17. f4 Rac8 18. Rae1 Kf8 19. f5 cxd4 20. cxd4 Qd6 21.
Qe3 exf5 22. Bxf5 Rc7 23. Bxd7 Rxd7 24. Rxf6 1-0

[Event "21. Copenhagen Open  (Politiken Cup)"]
[Site "Copenhagen"]
[Date "1999.07.04"]
[Round "2"]
[White "Mortensen, Henrik"]
[Black "Gabrielsen, Stig"]
[Result "1-0"]
[WhiteElo "2078"]
[BlackElo "2295"]
[PlyCount "111"]
[EventDate "1999.07.03"]
[EventType "swiss"]
[EventRounds "11"]
[EventCountry "DEN"]
[SourceDate "2004.01.01"]

1. d4 Nf6 2. c4 e6 3. Nf3 b6 4. g3 Bb7 5. Bg2 Be7 6. O-O O-O 7. Nc3 Ne4 8. Bd2
f5 9. d5 Bf6 10. Rc1 Na6 11. a3 c6 12. dxe6 dxe6 13. Qc2 Nxd2 14. Nxd2 Qe7 15.
e4 Rad8 16. Rfe1 Qc5 17. Nb3 Qd6 18. Rcd1 Qc7 19. f4 e5 20. fxe5 Bxe5 21. exf5
Rxd1 22. Rxd1 Qf7 23. Nd4 Qxc4 24. Ne6 Re8 25. Qe4 Qxe4 26. Bxe4 Nc5 27. Nxc5
bxc5 28. Bf3 Bd4+ 29. Kg2 Re3 30. Rd2 Re7 31. Ne4 Bc8 32. g4 Bd7 33. Rc2 Re5
34. Rd2 Be8 35. Nd6 Bd7 36. Ne4 Re7 37. Rc2 Re5 38. Rd2 Bc8 39. b4 Rd5 40. Nxc5
Rd8 41. Bxc6 Rd6 42. Nb3 Rxc6 43. Rxd4 g6 44. fxg6 hxg6 45. Nc5 Kg7 46. Kg3 Kf6
47. Rd5 a6 48. Kf4 Rb6 49. Nd7+ Bxd7 50. Rxd7 a5 51. bxa5 Rb3 52. g5+ Ke6 53.
Rg7 Rxa3 54. Rxg6+ Kf7 55. Rf6+ Kg7 56. a6 1-0